Orígenes de la economía occidental siglos IV-XI

Salvato in:
Dettagli Bibliografici
Autore principale: Latouche, Robert (Autore)
Natura: Libro
Lingua:spagnolo
Pubblicazione: Ciudad de México UTHEA 1957
Serie:La Evolución de la Humanidad, 63
Soggetti:
Tags: Aggiungi Tag
Nessun Tag, puoi essere il primo ad aggiungerne!!

MARC

LEADER 00000nam a2200000 a 4500
001 UCP9927
003 CL-VaPUC
008 000407e19570000MX |||||||||||||||||spa|d
082 0 4 |a 330.0921  |b LAT  |2 21 
100 |a Latouche, Robert  |e author  |9 440984 
245 1 0 |a Orígenes de la economía occidental siglos IV-XI 
300 |a 307 p 
942 |c BK 
945 |d 20000407 00:00:00  |a rherrera 
260 |a Ciudad de México  |b UTHEA  |c 1957 
650 0 |a Historia de la economía   |9 339571 
650 0 |a Economía   |9 255568 
650 7 |a ORIGENES  |2 CL-VaPUC  |9 367418 
650 0 |a Edad media  |9 258041 
650 7 |a SIGLOS 4-11  |2 CL-VaPUC  |9 440882 
651 0 |a Europa  |9 255156 
583 |a last modification  |c 20000407 00:00:00  |k Rodrigo Vera 
490 0 |a La Evolución de la Humanidad, 63 
999 |c 286707  |d 286705 
952 |0 0  |1 0  |4 0  |6 330_092100000000000_LAT_1957  |7 0  |8 A  |9 332785  |a BIBHIS  |b BIBHIS  |d 2019-11-20  |i 1263048  |o 330.0921 LAT 1957  |p 1263048  |r 2025-01-20  |w 2019-11-20  |y BK  |k HIS 
952 |0 0  |1 0  |4 0  |6 330_092100000000000_LAT_1957  |7 0  |8 A  |9 332786  |a BIBHIS  |b BIBHIS  |d 2019-11-20  |i 126303K  |o 330.0921 LAT 1957  |p 126303K  |r 2025-01-20  |w 2019-11-20  |y BK  |k HIS 
952 |0 0  |1 0  |4 0  |6 330_092100000000000_LAT_1957  |7 0  |8 A  |9 332787  |a BIBHIS  |b BIBHIS  |d 2019-11-20  |i 1263056  |o 330.0921 LAT 1957  |p 1263056  |r 2025-01-20  |w 2019-11-20  |y BK  |k HIS